Los baños de Santa Rita en Guanabacoa (Record no. 166609)

MARC details
000 -LEADER
campo de control de longitud fija 00821nam a22001695i 4500
001 - NÚMERO DE CONTROL
campo de control 166609
003 - IDENTIFICADOR DE NÚMERO DE CONTROL
campo de control ES-MaACL
005 - FECHA Y HORA DE LA ÚLTIMA TRANSACCIÓN
campo de control 20230906213351.0
008 - DATOS DE LONGITUD FIJA--INFORMACIÓN GENERAL
campo de control de longitud fija 050916s1895 cu | |||||||| ||spa d
040 ## - FUENTE DE CATALOGACIÓN
Centro catalogador/agencia de origen CAM
Lengua de catalogación spa
Centro/agencia transcriptor CAM
100 1# - ENTRADA PRINCIPAL--NOMBRE DE PERSONA
Nombre de persona Trémols, José A.
9 (RLIN) 133403
245 14 - MENCIÓN DEL TÍTULO
Título Los baños de Santa Rita en Guanabacoa
Resto del título : memoria que en cumplimiento del inciso 10 de artículo 45 del Reglamento Provisional de Baños y aguas minero-medicinales par las Islas de Cuba, Puerto Rico y Filipinas /
Mención de responsabilidad, etc. presenta el médico director interino de los mismos José A. Trémols.
260 ## - PUBLICACIÓN, DISTRIBUCIÓN, ETC.
Lugar de publicación, distribución, etc. Habana :
Nombre del editor, distribuidor, etc. La Propaganda Literaria,
Fecha de publicación, distribución, etc. 1895.
300 ## - DESCRIPCIÓN FÍSICA
Extensión 24 p., [2] h. de lám. ;
Dimensiones 23 cm.
650 #4 - PUNTO DE ACCESO ADICIONAL DE MATERIA--TÉRMINO DE MATERIA
Término de materia o nombre geográfico como elemento de entrada Balnearios-
Subdivisión geográfica Cuba.
9 (RLIN) 135666
852 ## - LOCALIZACIÓN
Ubicación ES-MaACL
Número de control de estantería T-855-F-7
Nota libre -- Enc. hol. conservando la cub. original
-- -- Enc. en un vol. facticio
Holdings
Estatus retirado Estado de pérdida Estado de daño No para préstamo Colección Biblioteca de origen Biblioteca actual Ubicación en estantería Fecha de adquisición Total de préstamos Signatura topográfica completa Código de barras Visto por última vez Precio de reemplazo Tipo de ítem Koha
        Colección de folletos Biblioteca del Ateneo de Madrid Biblioteca del Ateneo de Madrid Depósito folletos 17/01/2008   T-855-F-7 1174741 23/02/2023 23/02/2023 Folleto